000 00642nam a22002297a 4500
003 URS
005 20251022142533.0
008 251007b ||||| |||| 00| 0 eng d
020 _a978-621-08-0013-5
040 _cURS
050 _aT353
_b.M314 2023
100 _aMangubat, Milcah R.
245 _aDrawing 1: Fundamentals of Technical Drawing
264 _aMalabon, City
_bMutya Publishing House Inc.
_c©2023
300 _a253 pages.,:
_c21 cm.
336 _2rdacontent
_atext
337 _2rdamedia
_aunmediated
338 _2rdacarrier
_avolume
650 0 _aMechanical drawing
700 _aMangubat, Jivulter C.
942 _2lcc
_cF
999 _c88307
_d88304